000 00469nam a2200181Ia 4500
001 19322
005 20260306172644.0
008 260306t2013||||xx |||||||||||||| ||spa||
041 _aESP
082 _a658.8342
_bA45
100 _aAlonso Rivas, Javier
_eAUT
245 0 _aComportamiento del consumidor:
_bDecisiones y estrategia de marketing
260 _c2013
300 _a504 páginas :
_c24 cm.
650 _aGEN
654 _aCAN
942 _cLIB
_dJUS
_fJUS
_2ddc
_n
999 _c19322
_d19322